Geography Quiz

Random Geography or City Quiz

Top 25 Cities of Cuba on a Map Quiz Stats

 Plays Quiz Updated Dec 29, 2017

Score 0/25 Timer 07:00
9 Plays Today
% Correct
Havana
98.9%
Santiago de Cuba
77.6%
Guantánamo
73.1%
Santa Clara
63.9%
Holguín
61.2%
Camagüey
57.3%
Pinar del Río
57%
Cienfuegos
55.3%
Matanzas
54.7%
Bayamo
54%
Victoria de las Tunas
53.5%
Morón
47.2%
Moa
44.1%
% Correct
Trinidad
44.1%
Florida
42.2%
Sancti Spíritus
41.6%
Manzanillo
40.1%
Colón
38.4%
Artemisa
36.6%
Cárdenas
35.2%
Baracoa
34.1%
Ciego de Ávila
31.6%
Nueva Gerona
29.9%
Palma Soriano
23.8%
Contramaestre
16.7%

You're not logged in!

Compare scores with friends on all Sporcle quizzes.
OR
Log In

You Might Also Like...

Show Comments

Extras

Top Quizzes Today


Score Distribution

Your Account Isn't Verified!

In order to create a playlist on Sporcle, you need to verify the email address you used during registration. Go to your Sporcle Settings to finish the process.

Report this User

Report this user for behavior that violates our Community Guidelines.

Details: